000 00659nam a2200217Ia 4500
005 20241129120325.0
008 241129s9999||||xx |||||||||||||| ||und||
020 _a9789389742893
037 _aTB
040 _aSDCL
_beng
_cSDCL
041 _ahin
_2hin
084 _aO153,1K66:g R0
_qSDCL
100 _aMani Dharmpal
_9729637
245 0 _aGuru Gobind Singh Kesahitya Me Bhartiya Sanskriti Ke Guru Gobind Singh Kesahitya Me Bhartiya Sanskriti Ke Tatva
260 _aDelhi
_bLokbharti Prakashan India
_c2020
300 _a141p
365 _aINR
_b300
650 _aHindi
942 _cTB
_hO153,1K66:g R0
999 _c1234336
_d1234336